000 00439nam a2200181Ia 4500
001 3134
005 20260306144858.0
008 260306t1994||||xx |||||||||||||| ||spa||
041 _aESP
082 _a261.8
_bM39
100 _aMejía, Jorge
_eAUT
245 0 _aEnseñanza social:
_breflexiones sobre el magisterio
260 _c1994
300 _a173 páginas :
_c19 cm.
650 _aGEN
654 _aCHU
942 _cLIB
_dJUS
_fJUS
_2ddc
_n
999 _c3134
_d3134